| 000 | 00592nam a2200193 a 4500 | ||
|---|---|---|---|
| 001 | 000041190 | ||
| 005 | 20201002034707.0 | ||
| 008 | 130925s20uu fr a 000 0 fre d | ||
| 020 | _a8400067568 | ||
| 040 |
_aDO-SdBNP _bfre _cBNPHU |
||
| 245 | 0 | 3 |
_aEl complex del plistocé mitjá del Puig D'en Roca. / _cEudald Carbonell....[et al.]. |
| 260 |
_aMadrid, : _bCSIC, _c[s.f]. |
||
| 300 |
_a168 p. : _bil. ; _c30 cm. |
||
| 700 | 1 |
_aGuilbaud, Michel _967757 |
|
| 700 | 1 |
_aMora, Rafael _967758 |
|
| 700 | 1 |
_aMuro, Ignasi _967759 |
|
| 700 | 1 |
_aSala, Robert _967760 |
|
| 700 | 1 |
_aMiralles, Josep _967761 |
|
| 999 |
_c40680 _d40680 |
||